| 000 | 00325nam a2200121Ia 4500 | ||
|---|---|---|---|
| 005 | 20260328104258.0 | ||
| 008 | 260328s9999||||xx |||||||||||||| ||und|| | ||
| 100 | _aSchalkwijk, Adriaan | ||
| 245 | 0 |
_aCinco meses y ochenta Personas / _cAdriaan Schalkwijk |
|
| 260 | _bYo Diseño | ||
| 650 | _aDISEÑO INDUSTRIAL | ||
| 942 | _cBK | ||
| 999 |
_c10517 _d10517 |
||